|
|
|
|
| LEADER |
00000nab a2200000 a 4500 |
| 001 |
vtls001007045 |
| 003 |
SK-MaSNL |
| 005 |
20260303040440.0 |
| 008 |
040720e20000320xo 0 slo |
| 035 |
|
|
|a RV7645
|
| 040 |
|
|
|a RVGKPD
|b slo
|c RVGKPD
|e AACR2
|
| 041 |
0 |
|
|a slo
|
| 044 |
|
|
|a xo
|c SK
|
| 080 |
|
|
|a 796.332
|2 1981
|
| 100 |
1 |
|
|a Pollák, D.
|4 aut
|9 1024488
|
| 245 |
1 |
0 |
|a Futbalisti v príprave na jarnú časť
|b TJ Tatran Betliar, účastník IV. futbalovej ligy
|
| 300 |
|
|
|b 1 foto
|
| 500 |
|
|
|a sezóna jarná
|
| 500 |
|
|
|a príprava
|
| 610 |
2 |
7 |
|a Telovýchovná jednota Tatran (Betliar, Slovensko)
|2 RVGKPD
|9 1024489
|
| 650 |
0 |
7 |
|a futbal
|2 RVGKPD
|9 3291
|
| 651 |
|
7 |
|a Betliar (Slovensko)
|2 RVGKPD
|9 20285
|
| 655 |
|
7 |
|a periodikum
|2 snkbucl
|9 29553
|
| 710 |
2 |
|
|a Telovýchovná jednota Tatran (Betliar, Slovensko)
|4 aut
|9 1024489
|
| 773 |
0 |
8 |
|t Týždeň v Gemeri
|g Roč. 1, č.4, 20.3.2000, s. 7
|
| 852 |
|
|
|a ZVYKNI
|b KIS3GCP
|
| 999 |
|
|
|c 1682013
|d 1683943
|